UEFA Euro 2000 Host Cities and Stadiums - Statistics

General Stats
  • This quiz has been taken 73 times
  • The average score is 10 of 16
Answer Stats
Picture Hint Answer % Correct
Belgium Bruxelles / Brussel
100%
Netherlands Amsterdam
95%
Netherlands Rotterdam
93%
Belgium Brugge
90%
Netherlands Eindhoven
90%
Belgium Liège
88%
5 games | Capacity: 52.000 Amsterdam ArenA
67%
5 games | Capacity: 33.000 Stadion Feijenoord
67%
Belgium Charleroi
55%
3 games | Capacity: 51.000 Philips Stadion
55%
Netherlands Arnhem
43%
4 games | Capacity: 30.000 Jan Breydelstadion
40%
5 games | Capacity: 50.000 Stade Roi Baudouin / Koning Boudewijnstadion
40%
3 games | Capacity: 30.000 Stade Maurice Dufrasne
29%
3 games | Capacity: 30.000 GelreDome
26%
3 games | Capacity: 30.000 Stade du Pays de Charleroi
21%
No matching quizzes found
Score Distribution
Percent of People with Each Score
Percentile by Number Answered
Your Score History
You have not taken this quiz